000 00610nam a2200205Ia 4500
001 63166
008 190327n2016 ii |||gr||||Z||||||465
020 _a9789332558533
082 _a541.28
100 _aLevine, Ira N,
_eAuthor.,
245 0 _aQuantum Chemistry
_cby Ira N Levine
_hTextual Documents
250 _a7th ed.
260 _aUP
_bPearson Education Pvt.Ltd
_c2016
300 _axiii, 706p:
_c25cm.
653 _aChemistry
653 _aQuantum Chemistry, Photon, molecule, Quantum mechanics, Electron spin, spin of electron
653 _aG-Chemistry
653 _aPG-Chemistry
942 _2ddc
_cBK
999 _c64272
_d64272